[Event "100th anniversary Efim Geller Blitz"]
[Site "Odesa"]
[Date "2025.11.29"]
[Round "1.1"]
[White "Borodavkin, Anatoly"]
[Black "Budnikov, Oleg"]
[Result "0-1"]
[WhiteElo "1936"]
[BlackElo "2376"]
[Annotator "IA Prokhorov Oleksandr"]
[PlyCount "98"]
[EventDate "2025.11.29"]
[EventType "swiss (blitz)"]
[EventRounds "11"]
[EventCountry "UKR"]

1. e4 g6 2. d4 Bg7 3. f4 c5 4. c3 cxd4 5. cxd4 Qb6 6. Nf3 d5 7. exd5 Nh6 8. Qb3
O-O 9. Qxb6 axb6 10. Nc3 Nf5 11. Bc4 Na6 12. Bd2 Nb4 13. O-O-O Bd7 14. a3 Rfc8
15. axb4 Rxc4 16. Ne5 Rc7 17. Nxd7 Rxd7 18. Kb1 Bxd4 19. g4 Nd6 20. f5 Nc4 21.
fxg6 hxg6 22. h4 Rc8 23. Bg5 Bg7 24. h5 Nxb2 25. Kxb2 Rxc3 26. h6 Be5 27. h7+
Kh8 28. Bf4 Re3+ 29. Bxe5+ Rxe5 30. Rhe1 Rxe1 31. Rxe1 Kxh7 32. Rf1 f6 33. Rd1
Kh6 34. Kc3 Kg5 35. Rd4 Rc7+ 36. Kd3 Rc1 37. Re4 Rd1+ 38. Kc4 Rc1+ 39. Kb5 Rd1
40. Kxb6 Rxd5 41. Rxe7 Kxg4 42. Kxb7 Rb5+ 43. Kc6 Rxb4 44. Kd5 Rb1 45. Re4+ Kg5
46. Ra4 Re1 47. Kd4 f5 48. Kd3 f4 49. Kd2 Re8 0-1

[Event "100th anniversary Efim Geller Blitz"]
[Site "Odesa"]
[Date "2025.11.29"]
[Round "1.2"]
[White "Snigurov, Maxim"]
[Black "Selikhanovich, Artem"]
[Result "1-0"]
[WhiteElo "2359"]
[BlackElo "1932"]
[Annotator "IA Prokhorov Oleksandr"]
[PlyCount "84"]
[EventDate "2025.11.29"]
[EventType "swiss (blitz)"]
[EventRounds "11"]
[EventCountry "UKR"]

1. b3 e5 2. Bb2 Nc6 3. c4 Nf6 4. Nf3 e4 5. Nd4 Bc5 6. Nf5 O-O 7. e3 d5 8. cxd5
Nb4 9. Ng3 Qxd5 10. Bxf6 gxf6 11. Nc3 Qe5 12. Ngxe4 Bb6 13. d4 Qe7 14. a3 f5
15. Ng3 f4 16. axb4 Qxb4 17. Nge2 fxe3 18. fxe3 Re8 19. Qd3 Bg4 20. Qc4 Qe7 21.
Nd5 Qg5 22. h4 Qg7 23. Qd3 c6 24. Nxb6 axb6 25. Rxa8 Rxa8 26. Kf2 Qf6+ 27. Nf4
Ra2+ 28. Kg3 Bf5 29. Qd1 Qg7+ 30. Kh2 Be4 31. Rg1 Qh6 32. Qh5 Qxh5 33. Nxh5 Kf8
34. Nf4 Rb2 35. Bd3 Bxd3 36. Nxd3 Rxb3 37. Rd1 b5 38. Kg3 Rc3 39. Kf4 Ke7 40.
g4 Rc4 41. Ke4 b4 42. Rb1 Rc2 1-0

[Event "100th anniversary Efim Geller Blitz"]
[Site "Odesa"]
[Date "2025.11.29"]
[Round "1.3"]
[White "Chepil, Olexandr"]
[Black "Golubev, Mikhail"]
[Result "0-1"]
[WhiteElo "1908"]
[BlackElo "2334"]
[Annotator "IA Prokhorov Oleksandr"]
[PlyCount "124"]
[EventDate "2025.11.29"]
[EventType "swiss (blitz)"]
[EventRounds "11"]
[EventCountry "UKR"]

1. e4 c5 2. Nf3 d6 3. Bb5+ Bd7 4. Bxd7+ Nxd7 5. O-O Ngf6 6. Re1 e6 7. c3 Be7 8.
d4 O-O 9. h3 Rc8 10. e5 Ne8 11. Bf4 Nb6 12. Nbd2 cxd4 13. Nxd4 Nd5 14. Bh2 dxe5
15. Bxe5 Nef6 16. Qe2 Qb6 17. N2b3 Rfd8 18. Rad1 a6 19. Bh2 Qa7 20. Kh1 b5 21.
f4 Bd6 22. Qf3 Qc7 23. Rf1 Nb6 24. Nd2 Rd7 25. Ne4 Nxe4 26. Qxe4 Nc4 27. Rf2
Bc5 28. f5 e5 29. Re2 Re8 30. Rde1 Qc8 31. Nf3 Nd6 32. Qd5 Nxf5 33. Qe4 Nd6 34.
Qc2 f6 35. Nh4 Kh8 36. Nf5 Nxf5 37. Qxf5 Bf8 38. Bg1 Rc7 39. Qf3 b4 40. cxb4
Bxb4 41. Rd1 a5 42. a3 Bf8 43. Bb6 Rb7 44. Bxa5 Rb5 45. b4 f5 46. Rd5 e4 47.
Qb3 Qc1+ 48. Kh2 Qf4+ 49. Kh1 Rc8 50. Re1 Qf2 51. Rg1 Rxd5 52. Qxd5 e3 53. Bb6
f4 54. Qd7 Qc2 55. Bc5 Ra8 56. Bxf8 Rxf8 57. Qd6 Qf5 58. a4 f3 59. gxf3 Qxf3+
60. Kh2 e2 61. Qg3 Qxg3+ 62. Kxg3 Rf1 0-1

[Event "100th anniversary Efim Geller Blitz"]
[Site "Odesa"]
[Date "2025.11.29"]
[Round "1.4"]
[White "Lyakh, Vasiliy"]
[Black "Popravka, Bohdan"]
[Result "1-0"]
[WhiteElo "2329"]
[BlackElo "1902"]
[Annotator "IA Prokhorov Oleksandr"]
[PlyCount "99"]
[EventDate "2025.11.29"]
[EventType "swiss (blitz)"]
[EventRounds "11"]
[EventCountry "UKR"]

1. d4 Nf6 2. c4 g6 3. Nc3 Bg7 4. e4 d6 5. Be2 O-O 6. h4 h5 7. Nh3 Nbd7 8. Ng5
c5 9. d5 Ne5 10. f3 a6 11. a4 Bd7 12. Be3 Qc7 13. O-O Rfe8 14. Qc2 Rad8 15. a5
b6 16. axb6 Qxb6 17. Ra2 Ra8 18. b4 Reb8 19. Rb1 Qc7 20. bxc5 dxc5 21. Rxb8+
Qxb8 22. Bxc5 Qc7 23. Bxe7 Nxc4 24. Qb3 Qa7+ 25. Kh1 Qf2 26. Bxc4 Qxh4+ 27. Nh3
Bxh3 28. gxh3 Qxh3+ 29. Kg1 Qg3+ 30. Rg2 Qe1+ 31. Bf1 h4 32. Bc5 h3 33. Rf2 Nh5
34. Ne2 Be5 35. Qb4 h2+ 36. Kg2 Nf4+ 37. Nxf4 Qxb4 38. Bxb4 Bxf4 39. Bd2 Be5
40. f4 Bd4 41. Rf3 Kg7 42. Kxh2 Rh8+ 43. Kg2 Ra8 44. d6 a5 45. e5 a4 46. Ra3
Bc5 47. Ra2 a3 48. Kf3 Ra4 49. Bb5 Ra5 50. Bxa5 1-0

[Event "100th anniversary Efim Geller Blitz"]
[Site "Odesa"]
[Date "2025.11.29"]
[Round "1.5"]
[White "Domoshchei, Mykhailo"]
[Black "Kislinsky, Alexey"]
[Result "0-1"]
[WhiteElo "1886"]
[BlackElo "2316"]
[Annotator "IA Prokhorov Oleksandr"]
[PlyCount "66"]
[EventDate "2025.11.29"]
[EventType "swiss (blitz)"]
[EventRounds "11"]
[EventCountry "UKR"]

1. e4 c5 2. f4 g6 3. Nf3 Bg7 4. d3 Nc6 5. Nc3 e6 6. g3 Nge7 7. Bg2 O-O 8. O-O
b6 9. e5 d6 10. exd6 Qxd6 11. Ne4 Qc7 12. c3 Ba6 13. Qc2 Rad8 14. Rd1 Rd7 15.
Be3 Rfd8 16. Ne1 Nf5 17. Bf2 h5 18. Rd2 Nce7 19. Rad1 Nd5 20. Re2 Bb7 21. h3
Nf6 22. Nxf6+ Bxf6 23. Bxb7 Qxb7 24. d4 cxd4 25. g4 hxg4 26. hxg4 Nh4 27. g5 d3
28. Rxd3 Rxd3 29. gxf6 Nf3+ 30. Nxf3 Qxf3 31. Kh2 R8d5 32. Kg1 Rh5 33. Re3 Rh1#
0-1

[Event "100th anniversary Efim Geller Blitz"]
[Site "Odesa"]
[Date "2025.11.29"]
[Round "1.6"]
[White "Starozhilov, Leonid"]
[Black "Rudenko, Vadym"]
[Result "1-0"]
[WhiteElo "2303"]
[BlackElo "1872"]
[Annotator "IA Prokhorov Oleksandr"]
[PlyCount "57"]
[EventDate "2025.11.29"]
[EventType "swiss (blitz)"]
[EventRounds "11"]
[EventCountry "UKR"]

1. e4 c5 2. Nc3 Nc6 3. Bb5 e6 4. Bxc6 bxc6 5. d3 d5 6. Nf3 Nf6 7. O-O Ba6 8.
Re1 Be7 9. b3 O-O 10. Ba3 c4 11. Bxe7 Qxe7 12. bxc4 dxc4 13. d4 Rfd8 14. Rb1
Rab8 15. Qd2 h6 16. h3 Qa3 17. Rxb8 Rxb8 18. Ne5 Qd6 19. Nxf7 Kxf7 20. e5 Qe7
21. exf6 Qxf6 22. Ne4 Qe7 23. Qf4+ Kg8 24. Qxb8+ Kh7 25. Nc5 Bb5 26. a4 Bxa4
27. Nxa4 Qa3 28. Nc5 Qa5 29. Qe5 1-0

[Event "100th anniversary Efim Geller Blitz"]
[Site "Odesa"]
[Date "2025.11.29"]
[Round "1.7"]
[White "Shevchenko, Artem"]
[Black "Tobak, Mikhail"]
[Result "0-1"]
[WhiteElo "1851"]
[BlackElo "2299"]
[Annotator "IA Prokhorov Oleksandr"]
[PlyCount "68"]
[EventDate "2025.11.29"]
[EventType "swiss (blitz)"]
[EventRounds "11"]
[EventCountry "UKR"]

1. e4 Nf6 2. e5 Nd5 3. c4 Nb6 4. d4 d6 5. f4 dxe5 6. fxe5 Nc6 7. Be3 Bf5 8. Nf3
e6 9. Be2 Qd7 10. O-O O-O-O 11. Qd2 f6 12. Rd1 Be4 13. exf6 gxf6 14. a3 Bxf3
15. gxf3 Bc5 16. dxc5 Qg7+ 17. Kh1 Rxd2 18. Rxd2 Rg8 19. Bf1 Nd7 20. Bh3 f5 21.
Nc3 Nde5 22. Rg1 Qxg1+ 23. Bxg1 Rxg1+ 24. Kxg1 Nxf3+ 25. Kf2 Nxd2 26. Nd5 exd5
27. Bxf5+ Kd8 28. cxd5 Ne7 29. Bxh7 Nxd5 30. Ke2 Nc4 31. Be4 c6 32. h4 Ke7 33.
h5 Kf6 34. Kf2 Nxb2 0-1

[Event "100th anniversary Efim Geller Blitz"]
[Site "Odesa"]
[Date "2025.11.29"]
[Round "1.8"]
[White "Sahakyan, Aram A"]
[Black "Makarov, V."]
[Result "0-1"]
[WhiteElo "1825"]
[BlackElo "2270"]
[Annotator "IA Prokhorov Oleksandr"]
[PlyCount "52"]
[EventDate "2025.11.29"]
[EventType "swiss (blitz)"]
[EventRounds "11"]
[EventCountry "UKR"]

1. e4 c5 2. Nc3 e6 3. g3 Nc6 4. Bg2 Nf6 5. d3 d5 6. f4 Be7 7. e5 Nd7 8. Nf3 Rb8
9. a4 a6 10. O-O O-O 11. Ne2 d4 12. g4 Nb6 13. Ng3 Nd5 14. Ne4 f6 15. Qe1 fxe5
16. fxe5 Ncb4 17. Qd2 Nf4 18. h3 Nbd5 19. Qe1 b6 20. b3 Bb7 21. Bd2 Nxg2 22.
Kxg2 Nf4+ 23. Bxf4 Rxf4 24. Nfd2 Qf8 25. Rxf4 Qxf4 26. Qg3 Qxd2+ 0-1

[Event "100th anniversary Efim Geller Blitz"]
[Site "Odesa"]
[Date "2025.11.29"]
[Round "1.9"]
[White "Fingerov, Dmitry"]
[Black "Morchadze, Lolita"]
[Result "1-0"]
[WhiteElo "2242"]
[BlackElo "1818"]
[Annotator "IA Prokhorov Oleksandr"]
[PlyCount "46"]
[EventDate "2025.11.29"]
[EventType "swiss (blitz)"]
[EventRounds "11"]
[EventCountry "UKR"]

1. e4 c5 2. c3 d6 3. d4 cxd4 4. cxd4 e6 5. Nc3 Be7 6. f4 Nf6 7. Nf3 O-O 8. Bd3
Nbd7 9. e5 dxe5 10. dxe5 Ne8 11. O-O f5 12. exf6 Ndxf6 13. Ne5 Nd6 14. Be3 Kh8
15. Qb3 Nf7 16. Rad1 Qc7 17. Nb5 Qb8 18. Nxf7+ Rxf7 19. f5 Nd5 20. Bd4 a6 21.
Nc3 Nxc3 22. Bxc3 Qa7+ 23. Kh1 Rf8 1-0

[Event "100th anniversary Efim Geller Blitz"]
[Site "Odesa"]
[Date "2025.11.29"]
[Round "2.1"]
[White "Budnikov, Oleg"]
[Black "Oyberman, Mikhail"]
[Result "1/2-1/2"]
[WhiteElo "2376"]
[BlackElo "2102"]
[Annotator "IA Prokhorov Oleksandr"]
[PlyCount "138"]
[EventDate "2025.11.29"]
[EventType "swiss (blitz)"]
[EventRounds "11"]
[EventCountry "UKR"]

1. e4 e5 2. Nf3 Nc6 3. Bb5 a6 4. Bxc6 dxc6 5. Nc3 Bd6 6. d4 exd4 7. Qxd4 f6 8.
Be3 Ne7 9. O-O-O Ng6 10. Na4 Qe7 11. Nb6 Be5 12. Nxe5 fxe5 13. Nxc8 exd4 14.
Nxe7 dxe3 15. Nxg6 hxg6 16. f3 Ke7 17. Rd3 g5 18. Rxe3 Rad8 19. h3 Ke6 20. Rd1
Ke5 21. Rxd8 Rxd8 22. Rd3 Rg8 23. g3 Rh8 24. h4 gxh4 25. gxh4 Rxh4 26. Rd7 g5
27. b4 Kf4 28. Rf7+ Ke3 29. Rf5 g4 30. fxg4 Rxg4 31. Rf7 Rxe4 32. a3 a5 33.
Rxc7 axb4 34. a4 Kd4 35. Kb2 b5 36. a5 Kc5 37. a6 Re8 38. Rb7 Ra8 39. a7 Kd6
40. Kb3 c5 41. Rb6+ Kc7 42. Rxb5 Rxa7 43. Rxc5+ Kb6 44. Rh5 Rg7 45. Kxb4 Rg4+
46. c4 Rg1 47. Rh6+ Kc7 48. Kb5 Rg7 49. c5 Rf7 50. Ra6 Rf1 51. Ra7+ Kb8 52. Rh7
Rf6 53. Re7 Rg6 54. Rd7 Rf6 55. Rd6 Rf7 56. Rd8+ Kc7 57. Rh8 Rg7 58. Rf8 Rh7
59. Ra8 Kb7 60. Re8 Kc7 61. Re5 Rg7 62. Rd5 Rf7 63. c6 Rf1 64. Rd7+ Kc8 65. Rd5
Rb1+ 66. Kc5 Kc7 67. Rd7+ Kc8 68. Ra7 Rc1+ 69. Kd6 Rd1+ 1/2-1/2

[Event "100th anniversary Efim Geller Blitz"]
[Site "Odesa"]
[Date "2025.11.29"]
[Round "2.2"]
[White "Shton, Roman"]
[Black "Snigurov, Maxim"]
[Result "1-0"]
[WhiteElo "2119"]
[BlackElo "2359"]
[Annotator "IA Prokhorov Oleksandr"]
[PlyCount "37"]
[EventDate "2025.11.29"]
[EventType "swiss (blitz)"]
[EventRounds "11"]
[EventCountry "UKR"]

1. d4 d5 2. Nf3 c6 3. g3 g6 4. Bg2 Bg7 5. O-O Nf6 6. c4 O-O 7. b3 a5 8. Nc3 Ne4
9. Bb2 Nxc3 10. Bxc3 a4 11. Ne5 Bxe5 12. dxe5 dxc4 13. Qc1 axb3 14. axb3 Rxa1
15. Bxa1 cxb3 16. Qh6 Be6 17. h4 Nd7 18. h5 Qa5 19. Be4 1-0

[Event "100th anniversary Efim Geller Blitz"]
[Site "Odesa"]
[Date "2025.11.29"]
[Round "2.3"]
[White "Golubev, Mikhail"]
[Black "Ahniannykov, Danylo"]
[Result "1-0"]
[WhiteElo "2334"]
[BlackElo "2067"]
[Annotator "IA Prokhorov Oleksandr"]
[PlyCount "31"]
[EventDate "2025.11.29"]
[EventType "swiss (blitz)"]
[EventRounds "11"]
[EventCountry "UKR"]

1. e4 e6 2. d4 d5 3. Nc3 Bb4 4. e5 c5 5. a3 Bxc3+ 6. bxc3 Nc6 7. a4 Qa5 8. Bd2
Nge7 9. Nf3 h6 10. Be2 Bd7 11. O-O Qc7 12. Bc1 Na5 13. dxc5 O-O 14. Ba3 Rfd8
15. Re1 b6 16. cxb6 1-0

[Event "100th anniversary Efim Geller Blitz"]
[Site "Odesa"]
[Date "2025.11.29"]
[Round "2.4"]
[White "Dovhan, Artem"]
[Black "Lyakh, Vasiliy"]
[Result "0-1"]
[WhiteElo "2092"]
[BlackElo "2329"]
[Annotator "IA Prokhorov Oleksandr"]
[PlyCount "73"]
[EventDate "2025.11.29"]
[EventType "swiss (blitz)"]
[EventRounds "11"]
[EventCountry "UKR"]

1. e4 c5 2. Nf3 Nc6 3. Bb5 g6 4. c3 Bg7 5. d4 cxd4 6. cxd4 Qb6 7. Nc3 Nxd4 8.
Nd5 Nxf3+ 9. Qxf3 Qd6 10. O-O Nf6 11. Bf4 e5 12. Rfd1 Nxd5 13. Rxd5 Qe7 14. Be3
b6 15. Rad1 O-O 16. Bxd7 Bb7 17. R5d2 f5 18. Qh3 Bxe4 19. f3 Bb7 20. Bb5 Rad8
21. Bc4+ Kh8 22. Bf2 Rxd2 23. Rxd2 Rd8 24. Rxd8+ Qxd8 25. Bf1 Qd1 26. g4 Qxf3
27. Qxf3 Bxf3 28. gxf5 gxf5 29. a4 e4 30. a5 bxa5 31. Bxa7 Bxb2 32. Bb5 Bd1 33.
Kf2 Bc3 34. Bc5 f4 35. Bc6 e3+ 36. Kg2 e2 37. Kf2 0-1

[Event "100th anniversary Efim Geller Blitz"]
[Site "Odesa"]
[Date "2025.11.29"]
[Round "2.5"]
[White "Kislinsky, Alexey"]
[Black "Biliy, Vadim"]
[Result "1-0"]
[WhiteElo "2316"]
[BlackElo "2056"]
[Annotator "IA Prokhorov Oleksandr"]
[PlyCount "57"]
[EventDate "2025.11.29"]
[EventType "swiss (blitz)"]
[EventRounds "11"]
[EventCountry "UKR"]

1. e4 d6 2. Nc3 Nf6 3. d4 g6 4. Nf3 Bg7 5. h3 O-O 6. Be3 d5 7. exd5 Nxd5 8.
Nxd5 Qxd5 9. Be2 Nd7 10. O-O Nf6 11. c4 Qd6 12. Qb3 c6 13. Rad1 Qc7 14. Rfe1
Bf5 15. Ne5 Nd7 16. Nd3 Bxd3 17. Bxd3 e6 18. Be4 a6 19. Bf3 Nf6 20. g3 Rad8 21.
Bf4 Qc8 22. Be5 Nd7 23. Bxg7 Kxg7 24. d5 cxd5 25. cxd5 exd5 26. Rc1 Qb8 27.
Bxd5 Nf6 28. Bxb7 Rd6 29. Re7 1-0

[Event "100th anniversary Efim Geller Blitz"]
[Site "Odesa"]
[Date "2025.11.29"]
[Round "2.6"]
[White "Smotrov, Pavlo"]
[Black "Starozhilov, Leonid"]
[Result "0-1"]
[WhiteElo "2069"]
[BlackElo "2303"]
[Annotator "IA Prokhorov Oleksandr"]
[PlyCount "94"]
[EventDate "2025.11.29"]
[EventType "swiss (blitz)"]
[EventRounds "11"]
[EventCountry "UKR"]

1. d4 Nf6 2. Bf4 d6 3. e3 g6 4. Nf3 Bg7 5. Bd3 O-O 6. c3 Nc6 7. h3 Qe8 8. Bh2
e5 9. dxe5 dxe5 10. Bb5 Bd7 11. O-O e4 12. Bxc6 Bxc6 13. Nd4 Rc8 14. Nd2 Bd7
15. Nc4 Qe7 16. Ne5 c5 17. Nxd7 Qxd7 18. Nb3 Qb5 19. Rb1 Rfd8 20. Qc2 Qd3 21.
Qxd3 exd3 22. Nd2 c4 23. Be5 Nd5 24. Bd4 Bxd4 25. cxd4 b5 26. a3 a5 27. Rbc1 f5
28. Kh2 Nb6 29. Nf3 Na4 30. Rb1 b4 31. axb4 axb4 32. Ne5 d2 33. b3 Nc3 34. Nxc4
Nxb1 35. Rxb1 Ra8 36. Rd1 Ra2 37. Rxd2 Rxd2 38. Nxd2 Ra8 39. f3 Ra2 40. Nc4 Rc2
41. e4 Rxc4 42. bxc4 b3 43. c5 Kf8 44. d5 b2 45. c6 b1=Q 46. d6 Qc1 47. c7 Ke8
0-1

[Event "100th anniversary Efim Geller Blitz"]
[Site "Odesa"]
[Date "2025.11.29"]
[Round "2.7"]
[White "Tobak, Mikhail"]
[Black "Chaika, Vitalii"]
[Result "1-0"]
[WhiteElo "2299"]
[BlackElo "2006"]
[Annotator "IA Prokhorov Oleksandr"]
[PlyCount "61"]
[EventDate "2025.11.29"]
[EventType "swiss (blitz)"]
[EventRounds "11"]
[EventCountry "UKR"]

1. Nf3 d6 2. g3 e5 3. d3 Nf6 4. Bg2 c6 5. a4 a5 6. O-O Be7 7. e4 O-O 8. Nh4 d5
9. Nd2 Na6 10. Nf5 Bxf5 11. exf5 Nc5 12. Re1 Qc7 13. Nf1 Rfe8 14. g4 h6 15. Ng3
Rad8 16. Bd2 b6 17. Qe2 Bd6 18. h4 e4 19. d4 Ncd7 20. g5 hxg5 21. hxg5 Nh7 22.
Qg4 Ndf8 23. Nh5 g6 24. Nf6+ Nxf6 25. gxf6 Qd7 26. Bh3 Nh7 27. Qh4 e3 28. fxg6
Bh2+ 29. Kh1 fxg6 30. Bxd7 exd2 31. Rxe8+ 1-0

[Event "100th anniversary Efim Geller Blitz"]
[Site "Odesa"]
[Date "2025.11.29"]
[Round "2.8"]
[White "Makarov, V."]
[Black "Nedin, Danylo"]
[Result "1-0"]
[WhiteElo "2270"]
[BlackElo "1986"]
[Annotator "IA Prokhorov Oleksandr"]
[PlyCount "51"]
[EventDate "2025.11.29"]
[EventType "swiss (blitz)"]
[EventRounds "11"]
[EventCountry "UKR"]

1. c4 e6 2. Nf3 d5 3. b3 Nf6 4. g3 d4 5. d3 c5 6. Bg2 Nc6 7. O-O Be7 8. e4 dxe3
9. Bxe3 O-O 10. d4 cxd4 11. Nxd4 Nxd4 12. Bxd4 Qc7 13. Qe2 Bd7 14. Nc3 Rfd8 15.
Be5 Bd6 16. Bxd6 Qxd6 17. Bxb7 Rab8 18. Bg2 a5 19. Rfd1 Qb4 20. Rac1 h6 21. Ne4
Nxe4 22. Qxe4 a4 23. c5 Qxe4 24. Bxe4 f5 25. c6 fxe4 26. c7 1-0

[Event "100th anniversary Efim Geller Blitz"]
[Site "Odesa"]
[Date "2025.11.29"]
[Round "3.1"]
[White "Fingerov, Dmitry"]
[Black "Golubev, Mikhail"]
[Result "1-0"]
[WhiteElo "2242"]
[BlackElo "2334"]
[Annotator "IA Prokhorov Oleksandr"]
[PlyCount "67"]
[EventDate "2025.11.29"]
[EventType "swiss (blitz)"]
[EventRounds "11"]
[EventCountry "UKR"]

1. e4 c5 2. c3 Nf6 3. Qa4 Nc6 4. Nf3 Qc7 5. Be2 g6 6. O-O Bg7 7. d4 O-O 8. Na3
cxd4 9. Nb5 Qa5 10. Qxa5 Nxa5 11. Nc7 Rb8 12. e5 Ne8 13. Nd5 Nc6 14. cxd4 d6
15. exd6 Nxd6 16. Bf4 Rd8 17. Rfd1 Kf8 18. Ne5 Be6 19. Nc7 Bd7 20. Rac1 Be8 21.
Nxe8 Kxe8 22. Nxc6 bxc6 23. b3 Nf5 24. Bxb8 Rxb8 25. Bf3 Rd8 26. Bxc6+ Kf8 27.
d5 Nd4 28. Kf1 f5 29. Rc4 e5 30. dxe6 Ke7 31. Ba4 Kxe6 32. b4 Be5 33. Bb3 Rd7
34. Rcxd4+ 1-0

[Event "100th anniversary Efim Geller Blitz"]
[Site "Odesa"]
[Date "2025.11.29"]
[Round "3.2"]
[White "Lyakh, Vasiliy"]
[Black "Makarov, V."]
[Result "0-1"]
[WhiteElo "2329"]
[BlackElo "2270"]
[Annotator "IA Prokhorov Oleksandr"]
[PlyCount "56"]
[EventDate "2025.11.29"]
[EventType "swiss (blitz)"]
[EventRounds "11"]
[EventCountry "UKR"]

1. d4 Nf6 2. c4 c5 3. d5 e6 4. Nc3 exd5 5. cxd5 d6 6. Nf3 g6 7. Bf4 a6 8. a4
Bg7 9. e3 O-O 10. h3 Bf5 11. Nd2 Re8 12. g4 Bc8 13. Bg2 b6 14. Nc4 Bf8 15. Qb3
Nbd7 16. Nxd6 Bxd6 17. Bxd6 Ne5 18. Bxe5 Rxe5 19. O-O h5 20. f4 Rxe3 21. g5
Bxh3 22. Bxh3 Rxh3 23. Kg2 Qd7 24. Qd1 Ng4 25. Rf3 Ne3+ 26. Rxe3 Rxe3 27. Kf2
Qh3 28. Qg1 Qf3# 0-1

[Event "100th anniversary Efim Geller Blitz"]
[Site "Odesa"]
[Date "2025.11.29"]
[Round "3.3"]
[White "Alexikov, Alexander"]
[Black "Kislinsky, Alexey"]
[Result "0-1"]
[WhiteElo "2159"]
[BlackElo "2316"]
[Annotator "IA Prokhorov Oleksandr"]
[PlyCount "118"]
[EventDate "2025.11.29"]
[EventType "swiss (blitz)"]
[EventRounds "11"]
[EventCountry "UKR"]

1. e4 c5 2. Nf3 Nc6 3. g3 Nf6 4. d3 e6 5. Bg2 d5 6. Nbd2 g6 7. O-O Bg7 8. Re1
O-O 9. Qe2 a5 10. Nf1 dxe4 11. dxe4 Nd4 12. Qd1 Nd7 13. c3 Nxf3+ 14. Bxf3 Ne5
15. Be2 b6 16. f4 Nd7 17. e5 Bb7 18. Bf3 Bxf3 19. Qxf3 c4 20. Ne3 Qc7 21. h4 h5
22. Bd2 Rad8 23. Rad1 b5 24. Nc2 Nc5 25. Be3 Nd3 26. Rb1 b4 27. Bd4 Nxe1 28.
Rxe1 b3 29. axb3 cxb3 30. Na3 Rd7 31. Kf2 Rfd8 32. Ke3 Bf8 33. Nb5 Qc4 34. Qe2
Qc6 35. Ra1 Bc5 36. Rxa5 Bxd4+ 37. Nxd4 Qh1 38. Rb5 Qg1+ 39. Qf2 Qd1 40. Qd2
Qg4 41. Kf2 Ra7 42. Qe2 Qh3 43. Nxb3 Ra2 44. Nd4 Ra1 45. Nf3 Rdd1 46. Rb8+ Kg7
47. Rb7 Qh1 48. Ke3 Re1 49. Nxe1 Rxe1 50. Rd7 Rxe2+ 51. Kxe2 Qg2+ 52. Kd3 Qxg3+
53. Kc2 Qxf4 54. b4 Qxe5 55. Rd4 Qe2+ 56. Kb3 e5 57. Rd7 e4 58. b5 Qxb5+ 59.
Kc2 Qxd7 0-1

[Event "100th anniversary Efim Geller Blitz"]
[Site "Odesa"]
[Date "2025.11.29"]
[Round "3.4"]
[White "Starozhilov, Leonid"]
[Black "Bliumberg, Vladislav"]
[Result "1/2-1/2"]
[WhiteElo "2303"]
[BlackElo "2159"]
[Annotator "IA Prokhorov Oleksandr"]
[PlyCount "72"]
[EventDate "2025.11.29"]
[EventType "swiss (blitz)"]
[EventRounds "11"]
[EventCountry "UKR"]

1. e4 d5 2. Nc3 dxe4 3. Nxe4 Nf6 4. Nxf6+ exf6 5. Bc4 Be7 6. Ne2 O-O 7. h3 a6
8. a4 Nd7 9. O-O c5 10. d3 Qc7 11. Nf4 Nb6 12. b3 Bd6 13. Qf3 Bd7 14. Nd5 Nxd5
15. Bxd5 Rab8 16. a5 Be5 17. Ra2 Rfe8 18. Be3 Bd4 19. Qf4 Qxf4 20. Bxf4 Be5 21.
Be3 Bd4 22. Re1 Re7 23. Bd2 Rxe1+ 24. Bxe1 Be6 25. Bf3 g6 26. Kf1 Kg7 27. Be2
Bd5 28. c4 Bc6 29. Bf3 Bxf3 30. gxf3 b5 31. axb6 Rxb6 32. Ra3 Bb2 33. Ra5 Bd4
34. Ra3 Bb2 35. Ra5 Bd4 36. Ra3 Bb2 1/2-1/2

[Event "100th anniversary Efim Geller Blitz"]
[Site "Odesa"]
[Date "2025.11.29"]
[Round "3.5"]
[White "Bagiryan, Vigen"]
[Black "Tobak, Mikhail"]
[Result "0-1"]
[WhiteElo "2132"]
[BlackElo "2299"]
[Annotator "IA Prokhorov Oleksandr"]
[PlyCount "50"]
[EventDate "2025.11.29"]
[EventType "swiss (blitz)"]
[EventRounds "11"]
[EventCountry "UKR"]

1. e4 Nf6 2. e5 Nd5 3. c4 Nb6 4. c5 Nd5 5. Bc4 c6 6. Nc3 d6 7. cxd6 exd6 8. d4
dxe5 9. dxe5 Be6 10. Nxd5 cxd5 11. Bd3 Bb4+ 12. Bd2 Bxd2+ 13. Qxd2 Nc6 14. f4
Qb6 15. Nf3 Bg4 16. Be2 O-O 17. Rd1 Rad8 18. a3 f6 19. exf6 Rxf6 20. Kf1 Ne7
21. h3 Nf5 22. Nd4 Ng3+ 23. Kg1 Nxe2+ 24. Kh2 Qxd4 25. hxg4 Rh6# 0-1

[Event "100th anniversary Efim Geller Blitz"]
[Site "Odesa"]
[Date "2025.11.29"]
[Round "3.6"]
[White "Makarov, Pavlo"]
[Black "Budnikov, Oleg"]
[Result "1/2-1/2"]
[WhiteElo "1959"]
[BlackElo "2376"]
[Annotator "IA Prokhorov Oleksandr"]
[PlyCount "142"]
[EventDate "2025.11.29"]
[EventType "swiss (blitz)"]
[EventRounds "11"]
[EventCountry "UKR"]

1. d4 Nf6 2. c4 e6 3. Nc3 Bb4 4. Qc2 c5 5. dxc5 Na6 6. a3 Bxc3+ 7. Qxc3 Nxc5 8.
b4 Nce4 9. Qc2 d5 10. f3 Nd6 11. c5 Nf5 12. e3 a5 13. b5 e5 14. Bd3 e4 15. fxe4
dxe4 16. Bxe4 Nxe4 17. Qxe4+ Be6 18. Ne2 O-O 19. O-O Ne7 20. Bb2 Ng6 21. Qd4 f6
22. Qxd8 Rfxd8 23. Nd4 Bc4 24. Rfc1 Ne5 25. Bc3 Rdc8 26. c6 bxc6 27. bxc6 Nxc6
28. Nxc6 Rxc6 29. Bd4 Rac8 30. Rab1 h5 31. h4 Kh7 32. Rb6 R6c7 33. Kf2 Kg6 34.
Rb2 Bd5 35. Rxc7 Rxc7 36. g3 Kf5 37. Rb5 Ke4 38. Rxa5 Rc2+ 39. Ke1 Bc4 40. Ra7
g5 41. Bxf6 g4 42. Bg5 Kf3 43. Bf4 Ra2 44. a4 Ke4 45. Kd1 Kd3 46. Kc1 Kc3 47.
Be5+ Kd3 48. Bf4 Rg2 49. a5 Kc3 50. Be5+ Kd3 51. Bf4 Rc2+ 52. Kb1 Rd2 53. Rd7+
Ke2 54. Rxd2+ Kxd2 55. e4+ Kd3 56. e5 Ke4 57. Kb2 Kd5 58. Kc3 Ba6 59. Kb4 Bd3
60. Kc3 Ba6 61. Kd2 Bb5 62. Ke3 Ba6 63. Kd2 Bb5 64. Kc3 Ba6 65. Kb4 Bd3 66. a6
Bxa6 67. Ka5 Bd3 68. Kb6 Ke6 69. Kc5 Bb1 70. Kc6 Bf5 71. Kc7 Ke7 1/2-1/2

[Event "100th anniversary Efim Geller Blitz"]
[Site "Odesa"]
[Date "2025.11.29"]
[Round "3.7"]
[White "Oyberman, Mikhail"]
[Black "Garsky, Vladyslav"]
[Result "1/2-1/2"]
[WhiteElo "2102"]
[BlackElo "2176"]
[Annotator "IA Prokhorov Oleksandr"]
[PlyCount "63"]
[EventDate "2025.11.29"]
[EventType "swiss (blitz)"]
[EventRounds "11"]
[EventCountry "UKR"]

1. e4 c6 2. d4 d5 3. exd5 cxd5 4. Nf3 Nf6 5. c4 g6 6. Nc3 Bg7 7. h3 O-O 8. Bd3
Nc6 9. O-O e6 10. c5 b6 11. Bb5 Bd7 12. Bxc6 Bxc6 13. Ne5 Qc7 14. b4 bxc5 15.
bxc5 Nd7 16. Nxc6 Qxc6 17. Be3 Rfd8 18. Qa4 Rac8 19. Qxc6 Rxc6 20. Rfc1 Kf8 21.
Rab1 e5 22. dxe5 Nxe5 23. Nb5 Nc4 24. Nxa7 Ra6 25. Rb7 Ra8 26. Nb5 Rxa2 27. Bf4
Be5 28. Bxe5 Nxe5 29. Nd6 Ra1 30. Rxa1 Rxa1+ 31. Kh2 g5 32. Rb8+ 1/2-1/2